000 00281nam a2200121Ia 4500
008 230907s9999||||xx |||||||||||||| ||und||
082 _a530
_bGIA
100 _aGiambattista, Alan,
_930137
245 0 _aPhysics /
300 _apages cm
650 _aTextbooks.
_98511
942 _cBK
999 _c601078
_d601078